| 000 | 00522cam a2200193 i 4500 | ||
|---|---|---|---|
| 020 |
_a0194375102 : _a0194375048 (teacher's ed.) |
||
| 040 | _cDLC | ||
| 082 | 0 | 0 | _a428 OXF 1974 A022 Or. |
| 100 | 1 | _aAllen, J. P. B. | |
| 245 | 1 | 0 | _aEnglish in physical science / |
| 260 |
_aLondon : _bOxford University Press, _c1974. |
||
| 300 |
_aiii-xi, 104 p. : _bill. ; _c24 cm. |
||
| 490 | 0 | _aEnglish in focus | |
| 650 | 0 | _aEnglish language | |
| 650 | 0 | _aPhysics | |
| 650 | 0 | _aReaders | |
| 700 | 1 | _aWiddowson, H. G., | |
| 942 | _cEK | ||
| 999 |
_c13026 _d13026 |
||